| 000 | 02216cam a2200349 a 4500 | ||
|---|---|---|---|
| 001 | 16056140 | ||
| 005 | 20170105102853.0 | ||
| 008 | 100115s2009 enk b 001 0 eng d | ||
| 010 | _a 2010275473 | ||
| 015 |
_aGBA940292 _2bnb |
||
| 016 | 7 |
_a015117796 _2Uk |
|
| 020 | _a9781403949561 (alk. paper) | ||
| 020 | _a1403949565 (alk. paper) | ||
| 035 | _a(OCoLC)ocn319211427 | ||
| 040 |
_aUKM _cUKM _dYDXCP _dBWKUK _dBWK _dBWX _dVVC _dWCM _dIAY _dDLC |
||
| 042 | _alccopycat | ||
| 043 | _an-us--- | ||
| 050 | 0 | 0 |
_aHC103 _b.A457 2009 |
| 082 | 0 | 4 |
_a330.97309 _222 |
| 245 | 0 | 0 |
_aAmerican power and policy / _cedited by Robert Leeson. |
| 260 |
_aHoundmills, Basingstoke, Hampshire [England] ; _aNew York : _bPalgrave Macmillan, _c2009. |
||
| 300 |
_aviii, 278 p. ; _c22 cm. |
||
| 440 | 0 | _aArchival insights into the evolution of economics | |
| 504 | _aIncludes bibliographical references and indexes. | ||
| 505 | 0 | _aAmerican in the shadows : Harry Dexter White and the design of the International Monetary Fund / James M. Boughton -- Building up a multilateral strategy for the United States : Alvin Hansen, Jacob Viner, and the Council on Foreign Relations (1939-45) / Sebastiano Nerozzi -- A hands-off central banker? : Marriner S. Eccles and the Federal Reserve, 1934-51 / MatÃas Vernengo -- The great inflation of the 1970s : evidence from the archives / John Lodewijks and Robert Leeson -- An archival case study : revisiting The life and political economy of Lauchlin Currie / Roger J. Sandilands -- New evidence on Allyn Young's style and influence as a teacher / Roger J. Sandilands -- A scholar in action in interwar America : John H. Williams on trade theory and Bretton Woods / Pier Francesco Asso and Luca Fiorito -- Shaping monetary constitutions for developing countries : some archival evidence on the Bloomfield Missions to South Korea (1949-50) / Michele Alacevich and Pier Francesco Asso. | |
| 651 | 0 |
_aUnited States _xEconomic conditions _y20th century. |
|
| 651 | 0 |
_aUnited States _xEconomic policy _y20th century. |
|
| 700 | 1 | _aLeeson, Robert. | |
| 906 |
_a7 _bcbc _ccopycat _d2 _encip _f20 _gy-gencatlg |
||
| 942 |
_2ddc _cBK |
||
| 999 |
_c14364 _d14364 |
||